00507nam a22001457a 4500020001500000040000900015082001800024100002900042245007400071260003500145650004200180942001200222999001900234952010800253 a0070653291 cNust a621.3193bTRA aJohn E. Traister9127463 aIndustrial electrical wiring bDesign, installation, and maintenance  aNew York:bMcGraw Hill,c1997. aIndustrial electrical wiring 9127464 2ddccBK c612583d612583 00102ddc4070aCEMEbCEMEcGENd2025-01-10l0o621.3193 TRApCEME- 34463r2025-01-10w2025-01-10yBK